Architectural conservation (Record no. 106065)

MARC details
000 -LEADER
fixed length control field 01518cam a22002415a 4500
001 - CONTROL NUMBER
control field L135446
008 - FIXED-LENGTH DATA ELEMENTS--GENERAL INFORMATION
fixed length control field 061026s2008 xxko f 001 0 eng u
020 ## - INTERNATIONAL STANDARD BOOK NUMBER
International Standard Book Number 9780632040254
035 ## - SYSTEM CONTROL NUMBER
System control number (Sirsi) u135446
050 04 - LIBRARY OF CONGRESS CALL NUMBER
Classification number 720.28 $2 22
100 ## - MAIN ENTRY--PERSONAL NAME
Personal name Orbasli, Aylin
245 00 - TITLE STATEMENT
Title Architectural conservation
Remainder of title principles and practice
260 ## - PUBLICATION, DISTRIBUTION, ETC.
Place of publication, distribution, etc. Oxford
Name of publisher, distributor, etc. Blackwell Science Ltd
Date of publication, distribution, etc. 2008
300 ## - PHYSICAL DESCRIPTION
Extent xi, 227p.
-- ll.
Dimensions 25cm.
350 ## - PRICE (NR) (BK AM CF MU VM SE) [OBSOLETE]
Price 29.99
505 2# - FORMATTED CONTENTS NOTE
Formatted contents note Introduction -- International and historic context of conservation -- Theoretical framework and conservation principles -- Legislation, policy and guidance -- Managing conservation -- Causes of decay, environmental services and structures in conservation -- Conservation of materials -- Regeneration, reuse and design in the historic environment
520 ## - SUMMARY, ETC.
Summary, etc. Provides a theoretical and practical introduction to the subject, aimed at students in the built environment and related disciplines. Considers conservation within the wider physical, social, historical and international context. Expounds recent theoretical and technical developments and debates. Illustrated with case studies from around the world. Considers legislation, conservation management, historic properties, causes of decay and material conservation. Also addresses issues of regeneration and building reuse.
521 2# - TARGET AUDIENCE NOTE
Target audience note Advanced
590 ## - LOCAL NOTE (RLIN)
Local note KA
651 #4 - SUBJECT ADDED ENTRY--GEOGRAPHIC NAME
Geographic name International
690 ## - LOCAL SUBJECT ADDED ENTRY--TOPICAL TERM (OCLC, RLIN)
Topical term or geographic name as entry element BUILT ENVIRONMENT-BUILDING MAINTENANCE AND REFURBISHMENT-BUILDING CONSERVATION
942 ## - ADDED ENTRY ELEMENTS (KOHA)
Suppress in OPAC 0
Holdings
Withdrawn status Lost status Source of classification or shelving scheme Damaged status Not for loan Home library Current library Shelving location Date acquired Cost, normal purchase price Total Checkouts Full call number Barcode Date last seen Date last checked out Copy number Cost, replacement price Price effective from Koha item type
    Dewey Decimal Classification     London London Books 25/01/2008 29.99 7 720.28 ORB 30072535 06/08/2019 16/09/2009 1 29.99 06/08/2019 Book